1533 1151 1125 1306 1270 1678 1454 1281 1941 1670 1601 1356 1935 1436 1489 1338 1913 1622 1898 1475 1322 1259 1579 1432 1029 1714 1718 1336 1396 1441 1102 1907 1269 1053 1456 1333 1681 1554 1133 1779 1088 1794 1563 1459 1903 1844 1680 1019 1279 1114 1601 1514 1040 1541 1055 1336 1812 1951 1259 1334 1309 1166 1929 1938 1259 1945 1501 1142 1527 1715 1002 1726 1180 1189 1085 1602 1701 1384 1954 1837 1374 1073 1240 1415 1898 1349 1180 1715 1752 1801 1426 1232 1171 1756 1938 1338 1374 1185 1626 BCNSPRNW ULIB Ver.6.0+V

เปลี่ยนเป็นภาษาไทย

Change to English
 แสดงรายละเอียดบรรณานุกรม
  กลับหน้าหลัก

Brief Record : Get Marc (ISO 2709) : E-mail record : QR code < ปิดหน้าต่าง
LEADER : 00000nam 2200000uu 4500
001    13399114871
003     ULIB
008    120612s2550||||th 000 0 tha d
060 04 ^aWA546^bก940ค 2550
245 00 ^aคู่มือจัดอบรมวิถีชุมชน /^cโกมาตร จึงเสถียรทรัพย์ ...[และคนอื่นๆ]
250    ^aพิมพ์ครั้งที่ 1
260    ^aนนทบุรี :^bสำนักวิจัยสังคมและสุขภาพ (สวสส.),^c2550
300    ^a134 หน้า :^bภาพประกอบ ;^c27 ซม.
650  7 ^aอนามัยชุมชน^xการฝึกอบรม
650  7 ^aสุขภาพ^xการฝึกอบรม
650  7 ^aเวชศาสตร์ชุมชน^xการฝึกอบรม
650  7 ^aชุมชน^xการฝึกอบรม
650  7 ^aการฝึกอบรม
700 0  ^aโกมาตร จึงเสถียรทรัพย์
710 2  ^aสำนักวิจัยสังคมและสุขภาพ (สวสส.)
945    ^p120^l0^i14852
995    ^aกัณชพร
999    ^aใช้งานได้ทุกระบบ
รายการนี้ยังไม่มีแท็ก
คุณยังไม่ได้ล็อกอิน คุณสามารถมีกิจกรรมร่วมกับเว็บไซต์ได้ แต่ต้องล็อกอินก่อน ::
  ล็อกอิน

รายการสื่อสารสนเทศ

ลำดับที่ ประเภท เลขเรียก/บาร์โค้ด สถานที่ สถานะ
- ไม่พบข้อมูล -

รายการใกล้เคียง
    หัวเรื่อง [การฝึกอบรม]

BibComment


ยังไม่เคยถูกคอมเมนท์

คอมเมนท์ทรัพยากรรายการนี้
  คอมเมนท์: คู่มือจัดอบรมวิถ..


 Copyright 2026. Bcnsprnw @Library